[Event "TCh-Serbia"]
[Site "Zlatibor SCG"]
[Date "2006.08.31"]
[Round "6"]
[White "Marcetic,N"]
[Black "Lazic,Mir"]
[Result "1-0"]
[WhiteElo "2378"]
[BlackElo "2477"]

1.d4 d5 2.c4 c6 3.Nc3 Nf6 4.e3 e6 5.Nf3 Nbd7 6.Qc2 Bd6 7.b3 O-O 8.Be2 b6
9.O-O Bb7 10.Rd1 Qe7 11.e4 Nxe4 12.Nxe4 dxe4 13.Qxe4 f5 14.Qh4 Qxh4 15.Nxh4 Rad8
16.Bg5 Nf6 17.c5 bxc5 18.Bc4 cxd4 19.Bxe6+ Kh8 20.Nxf5 Bb4 21.Rac1 c5 22.a3 Bxa3
23.Ra1 Bb4 24.Rxa7 Be4 25.Nxg7 Bc2 26.Rf1 d3 27.Bf5 Bxb3 28.Ne6 Bxe6 29.Bxe6 Rd6
30.Bc4 Ne4 31.Be7 Rfd8 32.Rd1 Nc3 33.Rxd3 Ne2+ 34.Kf1 Nd4 35.Bxd6  1-0

[Event "3rd Open"]
[Site "Kalamaria GRE"]
[Date "2006.09.01"]
[Round "3"]
[White "Nielsen,PH"]
[Black "Trajkovic,P"]
[Result "1-0"]
[WhiteElo "2640"]
[BlackElo "2387"]

1.d4 d5 2.c4 c6 3.Nc3 Nf6 4.e3 e6 5.Nf3 Nbd7 6.Qc2 b6 7.Bd3 Bb7 8.O-O Be7
9.b3 Qc7 10.Bb2 Rd8 11.Rac1 Qb8 12.Rfe1 O-O 13.e4 dxe4 14.Nxe4 Nxe4 15.Bxe4 Nf6
16.Bd3 Rfe8 17.c5 g6 18.b4 Nd5 19.a3 a5 20.bxa5 bxa5 21.Ne5 Qc7 22.Rcd1 Bf8
23.h4 f6 24.Nf3 Ra8 25.Rb1 Ba6 26.Bxa6 Rxa6 27.Bc1 Raa8 28.Bd2 a4 29.g3 Kf7
30.h5 Be7 31.Kg2 Rh8 32.Re2 Qd7 33.Rbe1 Nc7 34.Bf4 Nd5 35.Qe4 Nxf4+ 36.Qxf4 Qd5
37.Rxe6 Ra7 38.Qe3 Qd7 39.Qe4 Rc7 40.hxg6+ hxg6 41.Ne5+ fxe5 42.Qxg6+ Kf8
43.R1xe5  1-0

[Event "5th Open"]
[Site "Istanbul TUR"]
[Date "2006.09.02"]
[Round "4"]
[White "Shalimov,V UKR"]
[Black "Gurevich,M"]
[Result "0-1"]
[WhiteElo "2426"]
[BlackElo "2643"]

1.d4 e6 2.c4 Nf6 3.Nf3 d5 4.Nc3 c6 5.e3 a6 6.Bd2 c5 7.Rc1 Nc6 8.cxd5 exd5
9.Be2 Bd6 10.dxc5 Bxc5 11.O-O O-O 12.Qa4 Qe7 13.Rfd1 Be6 14.Qh4 Rfd8 15.Bd3 h6
16.Ne2 Bd6 17.Ned4 Ne5 18.Nxe5 Bxe5 19.Bc3 Bg4 20.f3 Bd7 21.Re1 Re8 22.f4 Bd6
23.Nf5 Bxf5 24.Bxf6 Qe6 25.Bxf5 Qxf5 26.Bd4 Rac8 27.Qg3 g5 28.Qf3 Rxc1 29.Rxc1 gxf4
30.g3 Re4 31.gxf4 Bxf4 32.Kh1 Qe6 33.Rg1+ Bg5 34.Qg3 Kh7 35.Qb8 Qf5 36.Qg3 f6
37.Qc7+ Kg6 38.Qg3 Kf7 39.Qg2 Re7 40.h4 Re4 41.Rf1 Rxh4+ 42.Kg1 Qe6 43.Rf3 Rg4
44.Rg3 h5  0-1

[Event "Rudenko Mem"]
[Site "St Petersburg RUS"]
[Date "2006.09.02"]
[Round "8"]
[White "Sadykova,A"]
[Black "Egorova,Ek"]
[Result "1/2-1/2"]
[WhiteElo "2127"]
[BlackElo "2112"]

1.d4 d5 2.c4 e6 3.Nc3 c6 4.Nf3 Nf6 5.e3 Nbd7 6.b3 Bd6 7.Bd3 Qe7 8.Bb2 b6
9.Qc2 Bb7 10.e4 dxe4 11.Nxe4 Nxe4 12.Bxe4 Nf6 13.Bd3 c5 14.Ne5 cxd4 15.Bxd4 Bb4+
16.Bc3 Ne4 17.Bxe4 Bxe4 18.Qxe4 Bxc3+ 19.Ke2 O-O 20.Rac1 Bxe5 21.Qxe5 Rac8
22.Rhd1 Rc5 23.Qe3 Qc7 24.Qg3 e5 25.Kf1 b5 26.Rc3 bxc4 27.Rdc1 Qa5 28.Rxc4 Rxc4
29.bxc4 e4 30.Qb3 Qc5 31.Qe3 Qxe3 32.fxe3 f5 33.Rc3 Rc8 34.h3 g5 35.g4 Rc5
36.gxf5 Rxf5+ 37.Kg2 Rc5 38.Rb3 Rxc4 39.Rb8+ Kf7 40.Rb7+ Kg6 41.Rxa7 Rc2+
42.Kg3 Re2 43.Ra3 Kh5 44.Rc3 Rxa2  1/2-1/2

[Event "Okie Challengers"]
[Site "Tulsa USA"]
[Date "2006.09.02"]
[Round "1"]
[White "Braunlich,T"]
[Black "Butros,R"]
[Result "1-0"]
[WhiteElo "2191"]
[BlackElo "2176"]

1.d4 d5 2.c4 c6 3.Nc3 Nf6 4.Nf3 e6 5.e3 Bd6 6.Qc2 Nbd7 7.g4 h6 8.Bd2 e5 9.cxd5 cxd5
10.Nb5 Bb8 11.Bb4 e4 12.Rc1 Nb6 13.Ne5 Nxg4 14.Nc7+ Bxc7 15.Bb5+ Nd7 16.Qxc7 Qxc7
17.Rxc7 Nxe5 18.dxe5 Kd8 19.Bd6 Re8 20.Rg1 g6 21.Ke2 Re6 22.Rd1 Nxe5 23.Bxe5 Rxe5
24.Rxf7 Bg4+ 25.Ke1 Bxd1 26.Rf8+ Kc7 27.Rxa8 Bg4 28.Be8 Bc8 29.Bxg6 a6 30.Kd2 Rg5
31.Bf7 Rf5 32.Rxc8+ Kd7 33.Rf8 Ke7 34.Rb8 Rxf2+ 35.Ke1 Rxf7 36.Rxb7+ Kf6
37.Rxf7+ Kxf7 38.Kd2 Ke6 39.b4 Ke5 40.Kc3 h5 41.a4 h4 42.b5 axb5 43.axb5 d4+
44.exd4+ Kd5 45.Kd2 Kd6 46.Ke3 Kd5 47.b6 Kc6 48.Kxe4 Kxb6 49.Ke5 Kc7 50.Ke6 Kd8
51.Kd6 h3 52.d5  1-0

[Event "TCh-Serbia"]
[Site "Zlatibor SCG"]
[Date "2006.09.02"]
[Round "8"]
[White "Velickovic,Bl"]
[Black "Lajthajm,B"]
[Result "0-1"]
[WhiteElo "2296"]
[BlackElo "2507"]

1.Nf3 d5 2.d4 c6 3.c4 e6 4.Nc3 Nf6 5.e3 Nbd7 6.Qc2 a6 7.Bd2 dxc4 8.a4 c5
9.Bxc4 cxd4 10.exd4 Bd6 11.O-O Qc7 12.Bb3 O-O 13.h3 b6 14.Rac1 Bb7 15.Qd1 Qb8
16.Qe2 Bf4 17.Rfd1 Re8 18.Bxf4 Qxf4 19.Qe3 Qd6 20.Ne5 Rac8 21.Re1 Nf8 22.Nc4 Qc6
23.f3 b5 24.axb5 axb5 25.Ne5 Qb6 26.Ne4 Bxe4 27.fxe4 Ng6 28.Rxc8 Rxc8 29.Nf3 Nd7
30.e5 Ndf8 31.Kh2 Rd8 32.Qe4 Ne7 33.Re3 Qc6 34.Qg4 Nf5 35.Rc3 Qd7 36.Rd3 Ne7
37.h4 h6 38.h5 Nh7 39.Qe4 b4 40.Rd1 Nd5 41.Bc2 f5 42.exf6 Nhxf6 43.Qg6 Nf4
44.Qg3 N4xh5 45.Qe1 Qd6+  0-1

[Event "TCh-Serbia"]
[Site "Zlatibor SCG"]
[Date "2006.09.02"]
[Round "8"]
[White "Marcetic,N"]
[Black "Nadj Hedjesi,B"]
[Result "0-1"]
[WhiteElo "2378"]
[BlackElo "2311"]

1.d4 d5 2.c4 c6 3.Nc3 Nf6 4.e3 e6 5.Nf3 Nbd7 6.Qc2 Bd6 7.Bd3 dxc4 8.Bxc4 b5
9.Be2 O-O 10.O-O Bb7 11.Rd1 Qb8 12.e4 e5 13.g3 Re8 14.dxe5 Nxe5 15.Nxe5 Bxe5
16.Bf3 c5 17.Nxb5 Nxe4 18.Bxe4 Bxe4 19.Qxe4 Qxb5 20.a4 Qb6 21.Re1 h6 22.Ra3 Bd4
23.Qxe8+ Rxe8 24.Rxe8+ Kh7 25.Re2 Qa6 26.Re1 Qf6 27.Re2 c4 28.a5 Qf5 29.Ra1 Qf3
30.Rd2 Qe4 31.a6 c3 32.Rxd4 Qxd4 33.Be3 Qc4 34.bxc3 Qxc3 35.Ra4 h5 36.h4 Qc7
37.Kh2 f6 38.Ra1 Kg6 39.Ra4 Kf5 40.Rb4 Qc6 41.Rb7 Qxa6 42.Rxg7 Qd3 43.Rxa7 Kg6
44.Ra4 Kf7 45.Rd4 Qe2 46.Rf4 Ke6 47.Bd4 f5 48.Be3 Ke5 49.Ra4 Qd1 50.Bf4+ Ke6
51.Ra6+ Kf7 52.Ra7+ Ke8 53.Be3 Qf3 54.Rg7 Kf8 55.Rg5 Kf7 56.Kg1 Ke6 57.Rg7 Qd1+
58.Kg2 Qd5+ 59.Kh2 Qf3 60.Rg5 Kf7 61.Kg1 Ke6 62.Kf1 Kf7 63.Ke1 Ke6 64.Kf1 Kf7
65.Kg1 Ke6 66.Rg6+ Kf7 67.Rb6 Ke7 68.Rb4 Ke6 69.Rf4 Qd5 70.f3 Qd1+ 71.Kg2 Qc2+
72.Bf2 Ke7 73.Rb4 Kf6 74.Rb6+ Kg7 75.Ra6 Kh7 76.Ra4 Qe2 77.Rf4 Kg6 78.g4 hxg4
79.fxg4 fxg4 80.Kg3 Kh5 81.Rf5+ Kh6 82.Bc5 Qd3+ 83.Kxg4 Qe4+ 84.Rf4 Qg2+
85.Kf5 Qd5+ 86.Kg4 Qxc5 87.Rf6+ Kg7 88.Rf5 Qd4+ 89.Kg5 Qe3+ 90.Kh5 Qh6+ 91.Kg4 Qe6
92.Kg5 Qb3 93.Kh5 Qd1+ 94.Kg5 Qd3 95.Kg4 Qe2+ 96.Kg5 Qh2 97.Kh5 Qh3 98.Rf4 Qe6
99.Rg4+ Kh7 100.Rg3 Qf5+ 101.Rg5 Qf3+ 102.Rg4 Qe2  0-1

[Event "It"]
[Site "Hereford ENG"]
[Date "2006.09.03"]
[Round "9"]
[White "Sowray,P"]
[Black "Gormally,D"]
[Result "1/2-1/2"]
[WhiteElo "2357"]
[BlackElo "2513"]

1.d4 d5 2.Nf3 c6 3.c4 Nf6 4.e3 e6 5.Nc3 Nbd7 6.Bd3 dxc4 7.Bxc4 b5 8.Be2 a6
9.e4 b4 10.e5 bxc3 11.exf6 cxb2 12.fxg7 Bxg7 13.Bxb2 Qa5+ 14.Nd2 Rb8 15.Qc2 c5
16.Bc3 Qc7  1/2-1/2

[Event "TCh-Serbia"]
[Site "Zlatibor SCG"]
[Date "2006.09.03"]
[Round "9"]
[White "Moiseenko,A1"]
[Black "Ivanisevic,I"]
[Result "1/2-1/2"]
[WhiteElo "2649"]
[BlackElo "2596"]

1.d4 Nf6 2.c4 e6 3.Nf3 d5 4.Nc3 c6 5.e3 Nbd7 6.Bd3 dxc4 7.Bxc4 b5 8.Bb3 Bd6
9.O-O O-O 10.e4 e5 11.Bg5 exd4 12.Nxd4 Ne5 13.Bc2 h6 14.Bh4 b4 15.Nce2 Ba6
16.Nf5 Bc5 17.Qe1 Re8 18.Rd1 Qc7 19.Kh1 Neg4 20.Bg3 Qc8 21.f3 Bxe2 22.Qxe2 Qxf5
23.fxg4 Qxg4 24.Qc4 Bb6 25.Rf4 Qe6 26.Qxb4 Rad8 27.Rxd8 Rxd8 28.Bb3 c5 29.Qa4 c4
30.Bxc4 Rd4 31.Bxe6 Rxa4 32.Bb3 Rxe4 33.Rxe4 Nxe4 34.Be1 Nf2+  1/2-1/2

[Event "FSIMA September"]
[Site "Budapest HUN"]
[Date "2006.09.05"]
[Round "4"]
[White "Galyas,M"]
[Black "Hujbert,F"]
[Result "1/2-1/2"]
[WhiteElo "2390"]
[BlackElo "2262"]

1.d4 d5 2.c4 c6 3.Nc3 Nf6 4.e3 e6 5.Nf3 Nbd7 6.Qc2 Bd6 7.b3 e5 8.Be2 e4 9.Nd2 O-O
10.Bb2 Re8 11.g4 Nf8 12.h3 Be6 13.O-O-O Rc8 14.f3 exf3 15.Bxf3 h6 16.Kb1 b5
17.cxb5 cxb5 18.Qd3 b4 19.Na4 Ng6 20.Rhf1 Bf8 21.Bh1 Qd6 22.e4 dxe4 23.Nxe4 Nxe4
24.Bxe4 Bd5 25.Bxd5 Qxd5 26.Qf3 Qxf3 27.Rxf3 Ne7 28.d5 Nxd5 29.Rfd3 Nf4 30.Rd7 Nxh3
31.Rxa7 Nf2 32.Rf1 Nxg4 33.Nb6 Rc6 34.Nd7 Rce6 35.Nxf8 Rxf8 36.a3 h5 37.axb4 h4
38.Rg1 Rg6 39.Rh1 Rh6 40.Rg1 Rg6 41.Rh1 f5 42.Rxh4 f4 43.Bxg7 Rxg7 44.Rxg7+ Kxg7
45.Rxg4+ Kh6 46.Kc2 Kh5 47.Rg1 Rb8  1/2-1/2

[Event "FSGM September"]
[Site "Budapest HUN"]
[Date "2006.09.05"]
[Round "4"]
[White "Flumbort,A"]
[Black "Ilincic,Z"]
[Result "1/2-1/2"]
[WhiteElo "2510"]
[BlackElo "2515"]

1.d4 d5 2.c4 c6 3.Nf3 Nf6 4.Nc3 e6 5.e3 Nbd7 6.Bd3 b6 7.O-O Bb7 8.b3 Bd6
9.Bb2 Qe7 10.e4 dxe4 11.Nxe4 Nxe4 12.Bxe4 O-O-O 13.Qe2 f5 14.Bd3 Rhe8 15.c5 bxc5
16.Rac1 Kb8 17.Ba6 e5 18.Bxb7 Kxb7 19.dxe5 Nxe5 20.Bxe5 Bxe5 21.Qc4 Rd5 22.b4 Bd6
23.b5 Qd7 24.Rfd1 Rxd1+ 25.Rxd1 Bxh2+ 26.Kxh2 Qxd1 27.Qf7+ Kb6 28.Qxe8 Qd6+
29.Ne5 cxb5 30.f4 c4 31.a4 a6 32.Qc8 g6 33.Kh3  1/2-1/2

[Event "3rd Open"]
[Site "Kalamaria GRE"]
[Date "2006.09.05"]
[Round "8"]
[White "Pavlidis,Ana"]
[Black "Hadzimanolis,A"]
[Result "0-1"]
[WhiteElo "2120"]
[BlackElo "2333"]

1.d4 d5 2.c4 e6 3.Nc3 c6 4.e3 Nf6 5.Nf3 a6 6.c5 Nbd7 7.Bd3 b6 8.b4 a5 9.b5 Bb7
10.Qa4 cxb5 11.Nxb5 bxc5 12.Ba3 c4 13.Bxf8 Kxf8 14.Bc2 Qe7 15.Ne5 Nxe5 16.dxe5 Nd7
17.f4 Bc6 18.O-O Nc5 19.Qa3 Bxb5 20.f5 Nd3 21.Qc3 Qc5 22.Rf3 d4 23.exd4 Qb4
24.Qxb4+ Nxb4 25.fxe6 Nxc2  0-1

[Event "ch-EU"]
[Site "Liverpool ENG"]
[Date "2006.09.06"]
[Round "1"]
[White "Knott,S"]
[Black "Bischoff,K"]
[Result "1/2-1/2"]
[WhiteElo "2387"]
[BlackElo "2533"]

1.Nf3 d5 2.d4 c6 3.c4 e6 4.e3 Nf6 5.Nc3 Nbd7 6.Bd3 Be7 7.O-O b6 8.b3 Bb7
9.Bb2 O-O 10.Qe2 c5 11.Rfd1 cxd4 12.exd4 g6 13.Ne5 Rc8 14.a4 Nb8 15.a5 Nh5
16.g3 Nc6 17.Nxc6 Bxc6 18.axb6 axb6 19.cxd5 exd5 20.Ba3 Re8 21.Bxe7 Rxe7
22.Qd2 Ng7 23.Ba6 Ra8  1/2-1/2

[Event "FSIMA September"]
[Site "Budapest HUN"]
[Date "2006.09.07"]
[Round "6"]
[White "Werner,Di"]
[Black "Hujbert,F"]
[Result "1-0"]
[WhiteElo "2315"]
[BlackElo "2262"]

1.d4 d5 2.c4 c6 3.Nf3 Nf6 4.Nc3 e6 5.e3 Nbd7 6.Bd3 dxc4 7.Bxc4 b5 8.Bd3 Bb7
9.O-O b4 10.Na4 c5 11.dxc5 Bxc5 12.b3 O-O 13.Bb2 Be7 14.Qe2 Qa5 15.Rfd1 Rac8
16.Rac1 Rxc1 17.Rxc1 Bd6 18.Bb5 Rd8 19.h3 Ne4 20.Nd4 Ndc5 21.Bc6 Ba6 22.Qh5 e5
23.Bxe4 Nxe4 24.Nc6 Qc7 25.Nxd8 Qxd8 26.Bxe5 g6 27.Qd1 Qh4 28.Bxd6 Qxf2+
29.Kh2 Nd2 30.Bg3 Qxe3 31.Qg1 Qg5 32.Re1 h5 33.Qd4 Nf1+ 34.Kg1 Kh7 35.Bf4 Qf5
36.Nc5  1-0

[Event "Universities"]
[Site "Istanbul TUR"]
[Date "2006.09.07"]
[Round "9"]
[White "Esen,B"]
[Black "Doluhanova,E"]
[Result "1-0"]
[WhiteElo "2459"]
[BlackElo "2231"]

1.d4 d5 2.c4 c6 3.Nf3 Nf6 4.Nc3 e6 5.e3 Nbd7 6.Bd3 Bd6 7.e4 dxe4 8.Nxe4 Nxe4
9.Bxe4 c5 10.O-O Qc7 11.b3 cxd4 12.Qxd4 e5 13.Qd1 Nf6 14.Bc2 Bg4 15.h3 Bh5
16.Bg5 O-O-O 17.Qe2 Kb8 18.Rad1 h6 19.Bxf6 gxf6 20.Rd5 Bc5 21.Bf5 Rxd5 22.cxd5 a6
23.Qe4 Bxf3 24.Qxf3 Qd6 25.Rd1 Rg8 26.Be4 Bd4 27.Rc1 Rd8 28.Qh5 Qb6 29.Qf5 Ka7
30.g3 Rd6 31.Kg2 Qa5 32.Rc2 Qe1 33.h4 a5 34.Rc7 a4 35.bxa4 Rb6 36.Rc2 Rb1
37.Kh3 Rb4 38.d6 Bb6 39.Bg2 Qd1 40.Qc8 Bxf2 41.Rxf2 Qxd6 42.Qf5 Rb6 43.a5 Ra6  1-0

[Event "World Blitz"]
[Site "Rishon Le Zion ISR"]
[Date "2006.09.07"]
[Round "12"]
[White "Radjabov,T"]
[Black "Erenburg,S"]
[Result "1-0"]
[WhiteElo "2728"]
[BlackElo "2585"]

1.d4 d5 2.c4 c6 3.Nc3 Nf6 4.e3 e6 5.Nf3 a6 6.b3 Bb4 7.Bd2 Nbd7 8.Bd3 Bd6
9.O-O O-O 10.Qc2 h6 11.Rad1 e5 12.cxd5 cxd5 13.e4 dxe4 14.Nxe4 Nxe4 15.Bxe4 exd4
16.Nxd4 Nf6 17.Nf3 Nxe4 18.Qxe4 Re8 19.Qd4 Bf8 20.Qf4 Bd6 21.Qd4 Bf8 22.Qb2 Bg4
23.Bxh6 Qa5 24.Bf4 Bxf3 25.gxf3 Qf5 26.Bg3 Qxf3 27.Qd4 Be7 28.Rd3 Qf5 29.Qd7 Qb5
30.Re1 Bf8 31.Rxe8 Rxe8 32.Qxb5 axb5 33.Rd7 Ra8 34.Rxb7 Rxa2 35.Rb8 Ra6 36.Rxb5 g6
37.Rb7 Re6 38.b4 Kg7 39.b5 Bc5 40.Rc7 Bd4 41.Rc4 Ba7 42.Kg2 Re2 43.Ra4 Bc5
44.Rc4 Ba7 45.Rc6 Re6 46.Rxe6 fxe6 47.Bc7  1-0

[Event "World Blitz"]
[Site "Rishon Le Zion ISR"]
[Date "2006.09.07"]
[Round "15"]
[White "Zoler,D"]
[Black "Erenburg,S"]
[Result "0-1"]
[WhiteElo "2455"]
[BlackElo "2585"]

1.d4 d5 2.c4 c6 3.Nf3 Nf6 4.Nc3 e6 5.e3 a6 6.g3 dxc4 7.Bxc4 b5 8.Bb3 Bb7
9.Qe2 Nbd7 10.e4 c5 11.d5 c4 12.dxe6 cxb3 13.exd7+ Qxd7 14.axb3 Bb4 15.O-O O-O
16.Rd1 Qg4 17.Nd5 Nxd5 18.exd5 Rfe8 19.Be3 Bc5 20.Nd4 Qxe2 21.Nxe2 Bxe3 22.fxe3 Rxe3
23.Nf4 Rxb3 24.Rac1 Rd8 25.d6 g5 26.Nd5 Rxb2 27.Rc7 Bxd5 28.Rxd5 h6 29.Rf5 Rxd6  0-1

[Event "Mitropa Cup Men"]
[Site "Brno CZE"]
[Date "2006.09.08"]
[Round "2"]
[White "Colin,V"]
[Black "Bruno,Fabi"]
[Result "1-0"]
[WhiteElo "2415"]
[BlackElo "2388"]

1.c4 e6 2.d4 d5 3.Nc3 c6 4.e3 Nf6 5.Nf3 a6 6.Ne5 Be7 7.Bd3 O-O 8.O-O c5 9.cxd5 exd5
10.Qf3 Nc6 11.Rd1 Bd6 12.Nxc6 bxc6 13.h3 c4 14.Bc2 Bb4 15.a3 Bxc3 16.bxc3 Re8
17.Bd2 Rb8 18.Ra2 Ne4 19.Qf4 Rb7 20.Be1 Qd6 21.f3 Qxf4 22.exf4 Nd6 23.g4 f5
24.Kf2 Rbe7 25.Bb1 Kf7 26.a4 fxg4 27.hxg4 g6 28.Bd2 Re2+ 29.Kg3 h5 30.f5 gxf5
31.Bf4 Rxa2 32.Bxa2 Nb7 33.gxh5 Re2 34.Bb1 Nd8 35.Rh1 Kg8 36.h6 Kh7 37.Rh5 Nf7
38.Rh1  1-0

[Event "3rd LGA Premium Cup"]
[Site "Nuernberg GER"]
[Date "2006.09.08"]
[Round "2"]
[White "Wells,P"]
[Black "Lodes,H"]
[Result "1-0"]
[WhiteElo "2480"]
[BlackElo "2165"]

1.d4 d5 2.c4 c6 3.Nf3 Nf6 4.Nc3 e6 5.e3 Nbd7 6.Bd3 Bd6 7.e4 dxe4 8.Nxe4 Nxe4
9.Bxe4 Bb4+ 10.Bd2 Qa5 11.O-O Bxd2 12.Nxd2 O-O 13.Re1 Qc7 14.c5 f5 15.Bc2 e5
16.Nc4 e4 17.f3 Nf6 18.Nd6 Be6 19.fxe4 fxe4 20.Bxe4 Bd5 21.Bxd5+ Nxd5 22.Qg4 Kh8
23.Re5 Rf4 24.Rae1 Rff8 25.h3 g6 26.Qh4 Rf4 27.Re8+ Rxe8 28.Rxe8+ Kg7 29.Qg5 h6
30.Qe5+ Rf6 31.Re6 Qd8 32.Ne8+ Kf7 33.Nxf6 Nxf6 34.b4 Nd5 35.Rd6 Qe7 36.Qxe7+ Kxe7
37.b5  1-0

[Event "5th Kesarovski - Georgiev Mem"]
[Site "Sunny Beach BUL"]
[Date "2006.09.08"]
[Round "7"]
[White "Vasilev,Vas ESP"]
[Black "Paskalev,D"]
[Result "1-0"]
[WhiteElo "2092"]
[BlackElo "1905"]

1.d4 d5 2.c4 c6 3.e3 Nf6 4.Nf3 e6 5.Nc3 Nbd7 6.Be2 dxc4 7.Bxc4 b5 8.Bd3 Bb7
9.O-O b4 10.Ne2 c5 11.Qa4 Bxf3 12.gxf3 Qc7 13.Bd2 Bd6 14.f4 Nd5 15.dxc5 Qxc5
16.Rac1 Nb6 17.Qa6 Qh5 18.Be4 Rd8 19.Nd4 g5 20.Kh1 Nf6 21.Qb5+ Kf8 22.Bf3 Ng4
23.Bxg4 Qxg4 24.Qxg5 Qxg5 25.fxg5 Rd7 26.Rfd1 h6 27.Nb5 Be7 28.gxh6 Rxh6
29.Nd4 Bd6 30.f4 f5 31.Nf3 Nd5 32.Rc8+ Kg7 33.Bc1 Kf6 34.Rg1 Ne7 35.Rf8+  1-0

[Event "3rd LGA Premium Cup"]
[Site "Nuernberg GER"]
[Date "2006.09.09"]
[Round "4"]
[White "Rau,H"]
[Black "Noeckler,A"]
[Result "1-0"]
[WhiteElo "2387"]
[BlackElo "2126"]

1.d4 d5 2.c4 e6 3.Nc3 c6 4.Nf3 Nf6 5.e3 Nbd7 6.Qc2 a6 7.b3 Be7 8.Bd3 O-O
9.g4 g6 10.Rg1 b5 11.c5 b4 12.Ne2 a5 13.g5 Nh5 14.Nf4 Ng7 15.h4 Ba6 16.Bxa6 Rxa6
17.h5 Nf5 18.hxg6 fxg6 19.Nxe6 Qb8 20.Nxf8 Bxf8 21.a4 Qe8 22.Bb2 Ra8 23.O-O-O Qe6
24.Kb1 Re8 25.Ka2 Be7 26.Ne5 Bd8 27.Qe2 Nxe5 28.dxe5 Bc7 29.f4 Qc8 30.e4 Ne7
31.Rh1 Rf8 32.Rh4 dxe4 33.Qc4+ Nd5 34.Rxd5 cxd5 35.Qxd5+ Rf7 36.e6 Rf5 37.Qd4 Be5
38.fxe5 Qxe6 39.Qd6 Qxd6 40.cxd6 Kf7 41.Rxh7+ Ke8 42.e6  1-0

[Event "ProMoPro Open"]
[Site "Prague CZE"]
[Date "2006.09.09"]
[Round "1"]
[White "Erneker,J"]
[Black "Novotny,V"]
[Result "1-0"]
[WhiteElo "2198"]
[BlackElo "1833"]

1.c4 Nf6 2.Nc3 d5 3.d4 c6 4.e3 e6 5.Nf3 Bb4 6.Qc2 Nbd7 7.cxd5 cxd5 8.Bd3 Nb6
9.Ne5 a6 10.O-O Bd6 11.f4 Qc7 12.a4 g6 13.a5 Nc4 14.Nxc4 dxc4 15.Qa4+ Bd7
16.Qxc4 Qd8 17.b4 Rc8 18.Qb3 O-O 19.e4 Nh5 20.e5 Bb8 21.Be3 Bc6 22.Be4 Qd7
23.g4 Ng7 24.Rad1 Ba7 25.Bf2 Kh8 26.h3 f6 27.exf6 Rxf6 28.d5 Bxf2+ 29.Rxf2 exd5
30.Bxd5 Rd6 31.Rfd2 Qe7 32.Re2 Qh4 33.Kg2 Bxd5+ 34.Rxd5 Rxd5 35.Nxd5 Re8
36.Rxe8+ Nxe8 37.Qc3+ Ng7 38.Qc8+ Ne8 39.Qxe8+ Kg7 40.g5 h6 41.Qe7+  1-0

[Event "5th Kesarovski - Georgiev Mem"]
[Site "Sunny Beach BUL"]
[Date "2006.09.09"]
[Round "8"]
[White "Angelov,Z"]
[Black "Nikolov,Sas"]
[Result "0-1"]
[WhiteElo "2105"]
[BlackElo "2358"]

1.c4 e6 2.d4 d5 3.Nc3 c6 4.e3 Nf6 5.Nf3 Nbd7 6.Bd3 Be7 7.O-O O-O 8.Rb1 dxc4
9.Bxc4 b5 10.Be2 b4 11.Na4 Bb7 12.b3 Nb6 13.a3 Nxa4 14.bxa4 a5 15.Bd2 c5
16.dxc5 Be4 17.Rc1 bxa3 18.Nd4 a2 19.Nb3 Qd5 20.Bc4 Qg5 21.f3 Bb1 22.Bb5 Rfd8
23.Qe2 Bxc5 24.Rxc5 Qxc5 25.Nxc5 a1=Q 26.Nb7 Rd5 27.e4 Rxb5 28.axb5 Qb2 29.Nd6 a4
30.Qe3 a3 31.Bc3 Qb3 32.Qd4 a2 33.Ba1 Bd3 34.Rc1 Bxb5 35.Rc7 Qb1+ 36.Kf2 Qf1+
37.Kg3 Qe1+ 38.Kh3 g5 39.e5 Nd5 40.Rxf7 Ra4 41.Rf8+ Kxf8  0-1

[Event "I Open"]
[Site "Vitoria BRA"]
[Date "2006.09.09"]
[Round "5"]
[White "Cantarino,M"]
[Black "Bortoloso,M"]
[Result "1/2-1/2"]
[WhiteElo "2194"]
[BlackElo "2233"]

1.d4 c6 2.c4 d5 3.Nf3 e6 4.e3 Nf6 5.Nc3 Nbd7 6.Qc2 Be7 7.Be2 O-O 8.O-O Re8
9.Rd1 Bd6 10.e4 e5 11.cxd5 cxd5 12.Bg5 exd4 13.Nxd5 h6 14.Bxf6 Nxf6 15.Nxf6+ Qxf6
16.Rxd4 Bg4 17.Rad1 Rac8 18.Qb1 Bc5 19.e5 Rxe5 20.Nxe5 Bxe2 21.Nd7 Qg6  1/2-1/2

[Event "I Open"]
[Site "Vitoria BRA"]
[Date "2006.09.09"]
[Round "5"]
[White "Teixeira,W"]
[Black "Bayer,Bi"]
[Result "0-1"]
[WhiteElo "2096"]
[BlackElo "1919"]

1.d4 d5 2.c4 c6 3.e3 Nf6 4.Nc3 e6 5.Nf3 Nbd7 6.b3 Bb4 7.Bb2 Ne4 8.Qc2 Qa5
9.Rc1 Qxa2 10.Bd3 Bxc3+ 11.Bxc3 Qxc2 12.Rxc2 Nxc3 13.Rxc3 O-O 14.c5 Re8 15.O-O e5
16.dxe5 Nxe5 17.Nxe5 Rxe5 18.Ra1 Kf8 19.b4 Bd7 20.Rca3 a6 21.Ra5 Rae8 22.h3 Rg5
23.h4 Rg4 24.g3 Rxb4 25.h5 h6 26.R1a4 Rb3 27.Ra3 Rxa3 28.Rxa3 Bg4 29.Rb3 Re7
30.Kg2 Bxh5 31.Bf5 Be2 32.Rb6 a5 33.Bc8 Ba6 34.Rb2 a4 35.Ra2 Bb5 36.Ra3 g6
37.Bg4 f5 38.Bd1 Re4 39.f3 Rc4 40.Kh3 Rxc5 41.Bxa4 Bxa4 42.Rxa4 Rb5 43.g4 fxg4+
44.Kxg4 c5 45.Kf4 Rb4+  0-1

[Event "Mitropa Cup Men"]
[Site "Brno CZE"]
[Date "2006.09.10"]
[Round "4"]
[White "Braun,A"]
[Black "Erdos,V"]
[Result "1-0"]
[WhiteElo "2526"]
[BlackElo "2528"]

1.d4 d5 2.c4 c6 3.Nf3 Nf6 4.Nc3 e6 5.e3 Nbd7 6.Qc2 Bd6 7.b3 O-O 8.Be2 Re8
9.O-O dxc4 10.bxc4 e5 11.Rd1 exd4 12.exd4 Nf8 13.Rb1 Ng6 14.h3 Qc7 15.Bf1 Bd7
16.Bg5 Nh5 17.Ne4 Bf8 18.g3 h6 19.Bc1 Qc8 20.g4 Nhf4 21.Ng3 Qc7 22.Ne5 Rad8
23.Qe4 f6 24.Bxf4 Nxf4 25.Qxf4 fxe5 26.dxe5 Bc8 27.Rxd8 Qxd8 28.Ne4 g5 29.Nf6+ Kh8
30.Qe3 Re6 31.h4 gxh4 32.Bd3 Qc7 33.Re1 Bg7 34.c5 Bxf6 35.Qxh6+ Kg8 36.Bc4 Qg7
37.Qxf6 Qxg4+ 38.Kh2 Kh7 39.Qf7+ Kh6 40.Qf8+ Kh7 41.Bd3+ Rg6 42.Bxg6+  1-0

[Event "EU-chB18"]
[Site "Herceg Novi MNE"]
[Date "2006.09.10"]
[Round "1"]
[White "Grigoryan,Av"]
[Black "Janovsky,J"]
[Result "1-0"]
[WhiteElo "2396"]
[BlackElo "2141"]

1.d4 d5 2.c4 c6 3.Nc3 Nf6 4.e3 e6 5.Nf3 Nbd7 6.Bd3 dxc4 7.Bxc4 b5 8.Bd3 Bb7
9.a3 a6 10.b4 Bd6 11.O-O a5 12.bxa5 Rxa5 13.e4 e5 14.Bb2 O-O 15.Nxb5 cxb5
16.dxe5 Nxe5 17.Nxe5 Re8 18.Ng4 Nxe4 19.Re1 Qd7 20.Bxe4 Rxe4 21.Rxe4 Bxe4
22.h3 Qe6 23.Qd4 Bf8 24.Re1 Ra4 25.Qd8 Ra8 26.Qg5 Qg6 27.Qxb5 h5 28.Ne3 Bxa3
29.Ra1 Bxb2 30.Rxa8+ Bxa8 31.Qxb2 Bc6 32.Qe5 Qb1+ 33.Kh2 Qb5 34.Qf4 g6 35.Kg3 Kg7
36.Qd4+ Kg8 37.Kf4 Bd7 38.Nd5 g5+ 39.Kxg5  1-0

[Event "3rd LGA Premium Cup"]
[Site "Nuernberg GER"]
[Date "2006.09.10"]
[Round "6"]
[White "Ftacnik,L"]
[Black "Hector,J"]
[Result "1/2-1/2"]
[WhiteElo "2579"]
[BlackElo "2508"]

1.d4 d5 2.Nf3 Nf6 3.c4 c6 4.Nc3 e6 5.e3 Nbd7 6.Bd3 dxc4 7.Bxc4 b5 8.Bd3 a6
9.a4 b4 10.Ne4 c5 11.O-O Bb7 12.Ned2 cxd4 13.exd4 Qb8 14.Re1 Bd6 15.Nc4 Bxf3
16.Nxd6+ Qxd6 17.Qxf3 O-O 18.Rd1 Nd5 19.Bd2 a5 20.Qg3 Qxg3 21.hxg3 Rfc8 22.Rac1 Kf8
23.g4 h6 24.Kf1 Ke7 25.Ke2 Kd6 26.Bb5 Nf8 27.Bd3 Ng6 28.g3 Nge7 29.Bb5 Ng6
30.f3 Nge7 31.Kd3 Rxc1 32.Rxc1 Rc8 33.Rxc8 Nxc8 34.g5 hxg5 35.Bxg5 f6 36.Bd2 Kc7
37.Bc4 Nd6 38.Bb3 Kc6 39.Be1  1/2-1/2

[Event "I Open"]
[Site "Vitoria BRA"]
[Date "2006.09.10"]
[Round "7"]
[White "Cantarino,M"]
[Black "Barreto,C"]
[Result "1/2-1/2"]
[WhiteElo "2194"]
[BlackElo "2202"]

1.d4 d5 2.c4 c6 3.Nf3 Nf6 4.Nc3 e6 5.e3 Nbd7 6.Qc2 Bd6 7.Be2 O-O 8.O-O dxc4
9.Bxc4 b5 10.Bd3 Bb7 11.Rd1 Qe7 12.h3 a6 13.Ne4 Nxe4 14.Bxe4 h6 15.Bd2 Rac8
16.Be1 Nf6 17.Bd3 c5 18.Qe2 c4 19.Bc2 Ne4 20.Nd2 Nxd2 21.Bxd2 e5 22.Bc3 exd4
23.Bxd4 Be5 24.Qh5 Bxd4 25.Rxd4 Rc5 26.Qd1 Rg5 27.e4 Bc8 28.Qf3 f5 29.Rad1 fxe4
30.Qxe4 Qxe4 31.Bxe4 Re5 32.f3 Bf5 33.Bxf5 Rexf5 34.Rd8  1/2-1/2

[Event "FSIMA September"]
[Site "Budapest HUN"]
[Date "2006.09.11"]
[Round "10"]
[White "Reiss,T"]
[Black "Galyas,M"]
[Result "1/2-1/2"]
[WhiteElo "2370"]
[BlackElo "2390"]

1.d4 d5 2.c4 c6 3.Nc3 Nf6 4.e3 e6 5.Nf3 Nbd7 6.Qc2 Bd6 7.Bd3 O-O 8.O-O dxc4
9.Bxc4 a6 10.Ne4 Nxe4 11.Qxe4 Qe7 12.Bb3 e5 13.dxe5 Nxe5 14.Nd4 c5 15.Nf5 Bxf5
16.Qxf5 c4  1/2-1/2

[Event "EU-chB18"]
[Site "Herceg Novi MNE"]
[Date "2006.09.11"]
[Round "2"]
[White "Rukavina,Dar"]
[Black "Maenhout,T"]
[Result "1/2-1/2"]
[WhiteElo "2288"]
[BlackElo "2384"]

1.d4 d5 2.c4 c6 3.Nc3 Nf6 4.Nf3 e6 5.e3 Nbd7 6.Qc2 Bd6 7.g4 Bb4 8.Bd2 Qe7
9.Rg1 Bxc3 10.Bxc3 Ne4 11.O-O-O Nxc3 12.Qxc3 O-O 13.Ne5 f6 14.Nxd7 Bxd7 15.Kb1 Rac8
16.f4 c5 17.g5 dxc4 18.dxc5 Ba4 19.gxf6 Qxf6 20.Qxf6 Rxf6 21.Rd4 Rxc5 22.Bxc4 Kf8
23.b3 Bc6 24.Rg5 Rxg5 25.fxg5 Rf5 26.Rf4 Ke7 27.Rxf5 exf5 28.Kc2 Kd6 29.Bg8 h6
30.gxh6 gxh6 31.Kd3 Ke5 32.Bf7 Bb5+ 33.Kd2 Ke4 34.Bh5 a5 35.a3 b6 36.Bd1 f4
37.Bc2+ Kf3 38.Bd1+ Ke4 39.Bc2+ Ke5 40.Bd1 Bc6 41.Ke2 Bd5  1/2-1/2

[Event "EU-chB16"]
[Site "Herceg Novi MNE"]
[Date "2006.09.11"]
[Round "2"]
[White "Martinovic,Sa"]
[Black "Kulakov,V"]
[Result "1-0"]
[WhiteElo "2367"]
[BlackElo "2248"]

1.d4 d5 2.c4 e6 3.Nc3 Nf6 4.Nf3 c6 5.e3 Nbd7 6.Qc2 Bd6 7.g4 dxc4 8.Bxc4 e5
9.Bd2 exd4 10.Nxd4 Ne5 11.Be2 Bxg4 12.f4 Ng6 13.Bxg4 Nxg4 14.Nf5 Nh4 15.Nxg7+ Kf8
16.O-O-O Nf2 17.Ne4 Nxe4 18.Qxe4 Qe7 19.Qxe7+ Bxe7 20.Bc3 Rg8 21.Nh5 Rg6
22.Rd7 Nf5 23.e4 Rh6 24.exf5 Rxh5 25.f6 Bc5 26.Rhd1 Re8 27.Be5 Rh4 28.R1d3 Rxh2
29.Rxb7 Rg2 30.Rdd7 Kg8 31.Rxf7 h6 32.Rh7 Be3+ 33.Kb1  1-0